Storia di Roma
Uloženo v:
| Hlavní autor: | |
|---|---|
| Médium: | Kniha |
| Jazyk: | italština |
| Vydáno: |
Milán
Bruno Mondadori
2000
|
| Edice: | Economica, 48
|
| Témata: | |
| Tagy: |
Přidat tag
Žádné tagy, Buďte první, kdo vytvoří štítek k tomuto záznamu!
|
MARC
| LEADER | 00000cam a2200000 a 4500 | ||
|---|---|---|---|
| 001 | UCF6940 | ||
| 003 | CL-VaPUC | ||
| 008 | 130530e20000000IT |||||||||||||||||ita|d | ||
| 020 | |a 8842497010 | ||
| 082 | 0 | 4 | |a 937 |b ZIO |2 21 |
| 100 | 0 | |a Ziolkowski, Adam |e author |9 568909 | |
| 245 | 1 | 0 | |a Storia di Roma |
| 300 | |a 528 p | ||
| 942 | |c BK | ||
| 945 | |d 20130530 00:00:00 |a dcastane | ||
| 260 | |a Milán |b Bruno Mondadori |c 2000 | ||
| 650 | 7 | |a HISTORIA DE ROMA ANTIGUA |2 CL-VaPUC |9 541459 | |
| 650 | 0 | |a Historia antigua |9 267521 | |
| 583 | |a last modification |c 20130530 09:49:00 |k Rodrigo Vera | ||
| 490 | 0 | |a Economica, 48 | |
| 999 | |c 351924 |d 351922 | ||
| 952 | |0 0 |1 0 |4 0 |6 937_000000000000000_ZIO_2000 |7 0 |8 A |9 456355 |a BIBHIS |b BIBHIS |d 2019-11-22 |i 497588K |o 937 ZIO 2000 |p 497588K |r 2025-01-20 |w 2019-11-22 |y BK |k HIS | ||